000 00436nam a2200205Ia 4500
001 14318
003 GE_BSU
008 181216s||||||||xx |||||||||||||| ||und||
020 _a9780330350709
040 _cGE_BSU
080 _a821.111-312.4
100 _aFrancis,Clare
245 _aKeep me close.
260 _aLondon
260 _bPan books
260 _c1999
300 _a456p.18cm.
653 _aKeep me close.
942 _cBK
999 _c47454
_d47454